000 01115nam a2200193 a 4500
001 52637
005 20180714042548.0
008 140415s2008 sp 000 0 spa d
020 _a9788425221835
041 _aspa
082 _a721.0449
_bMAT
245 0 0 _aPIEDRA NATURAL :
_bTIPOS DE PIEDRA, DETALLES, EJEMPLOS
250 _a1a ed.
260 _aESPAÑA :
_bGUSTAVO GILI,
_c2008
300 _a110
_c21.1 x 1.1 x 29.7
520 _aLA PIEDRA NATURAL UN MATERIAL CONSTRUCTIVO TRADICIONALY A LA VEZ FACINANTE, PRESENTA UNAS PARTICULARIDAES, ESPECIFICAS EN ESPECIAL EN EL MUNDO ACTUAL.POR UN LADO SE HAN IDO PERDIANDO PARTE DE LAS TRADICIONES DE LA CANTERIA MANUAL Y, POR EL OTRO, LAS NUEVAS EXIGENCIAS Y APLICACIONES, ADEMASDE LOSEFECTOS AMBIENTALES PERJUDICIALES, HAN SEMBRADO LA INSERTIDUMBRE ENTRE LOS PROYECTISTAS Y LOS CONSTRUCTORES. ESTE LIBRO ABORDA TODOS LOS DETALLES Y EXPLICA MEDIANTE TEXTOS Y DIBUJOS LOS PROBLEMA
650 1 4 _aPIEDRAS DE CONSTRUCCION
_xPIEDRAS DE CONSTRUCCION
_xALEMANIA
_xPIEDRAS DE CONSTRUCCION
_xEUROPA
740 _aDRESSED STONE. TYPES OF STONE. DETAILS. EXAMPLES
999 _c52637
_d52637